000 00752nam a2200253Ia 4500
003 GCL
005 20240530102214.0
008 140319s9999 xx 000 0 ara d
040 _aGCL /
_cGCL
082 0 4 _a336.01
_bع د
100 1 _aعبدالكريم صادق بركات
245 1 0 _a00000000000
_cعبدالكريم صادق بركات
260 _a[S.N] :
_bمؤسسة شباب الجامعة ،
_c1983
300 _a529 ص
650 0 4 _aمصر
650 0 4 _aالاقتصاد
650 0 4 _aالسياسة المالية
650 0 4 _aالادارة
650 0 4 _aالادارة العامة
650 0 4 _aالنفقات العامة
650 0 4 _aالميزانية
650 0 4 _aالمالية العامة
942 _2ddc
_cBK
999 _c30540
_d30540